| 000 | 01870cam a22001814a 4500 | ||
|---|---|---|---|
| 005 | 20250605164356.0 | ||
| 008 | 250528s ||||||||||||||||||||||||d | ||
| 035 | _a24333 | ||
| 040 |
_aGR-AtMCL _bgre _dGR-AtMCL _eAACR2 |
||
| 245 | 1 | _aΥπόμνημα της Επιμελητηριακής Κοινότητας προς τον Πρωθυπουργό και τους Αρχηγούς των Κομμάτων, για την Πορεία της Οικονομίας | |
| 260 |
_bΕμπορικό Και Βιομηχανικό Επιμελητήριο Αθηνών, _c2017 |
||
| 300 | _a64 | ||
| 520 | _aΔήλωση του Προέδρου του Ε.Β.Ε.Α. για την Επίλυση του Προβλήματος της Eldorado Gold, Υπόμνημα των Επιμελητηρίων επί του Νομοσχεδίου για τα Εργασιακά και Αφαλιστικά Θέματα, Σχέδιο Εθνικής Στρατηγικής για την Εταιρική Κοινωνική Ευθύνη και την Υπεύθυνη Επιχειρηματικότητα, Στοίχημα ο Χρόνος Ολοκλήρωσης της Τρίτης Αξιολόγησης, Δέκα Ερωτήσεις-Απαντήσεις για τον Εξωδικαστικό Μηχανισμό, Πιο Δύσκολο το 2018 καθώς οι Εφετινές Εισφορές θα Θεωρούνται Εισόδημα, Η Επόμενη Δεκαετία είναι Δεκαετία Επενδύσεων - Ηχηρό Μήνυμα Επενδυτών, Η Υπουργική Απόφαση για την Κωδικοποίηση Κανόνων Διακίνησης και Εμπορ΄ιας Προϊόντων και Παροχής Υπηρεσιών. | ||
| 700 | 1 |
_aΜίχαλος Κωνσταντίνος _94319 |
|
| 942 | _cCR | ||
| 999 |
_c9222 _d9222 |
||